000 00455nam a2200169Ia 4500
003 LK-CoDNM
005 20240723112718.0
008 010623t1926 xxu||||| |||| 00| 1 eng d
040 _aLK-CoDNM
_dLK-CoDNM
_eLK-CoDNM
041 _aeng
080 _a8
_bCC19
100 _aBreasted,James Henry.
245 _aThe Conquest of Civilization
260 _bHarper and Brothers
_aNew York and London
_c1926
300 _bxxiv, 717p. : ill ; 21 cm
942 _cBK
999 _c93337
_d93337